02122nam a2200433 a 4500001001000000003000900010005001700019007001000036008004100046020001900087040002200106082003500128245018900163260003200352300003700384490001800421500013600439505027800575650003600853650003600889650005000925650003500975650003201010700001901042700002901061700002901090700003101119700002901150710005501179830001801234910003701252942001201289945003901301952012701340952012701467956003901594956004001633999001501673000013498DO-SdBNP20180313124313.0000013498150130s2012 dr ac 000 0 spa d a9789945173925  aBPMSUbspacBPMSU04a372.6561bL566e 2do. 201200aLengua y literatura 2 : beducación básica /ccolaboración Áxel Alfaro, Natalia Olivero Huffman; coordinación editorial Anna Rogero Soler ; ilustraciones Cristian Bernardini  aSanto Domingo :bSM,c2012. a199 p. : bil., retrs. ;c29 cm.1 aProyecto Sé aEste libro ha sido realizado de acuerdo al currículum vigente y ha sido sometido a la aprobación del Ministerio de Educación.1 tMe gusta ser así --tPalabras mágicas --t¡Que viva la comprensión! --t¡Correo! --tOrgullo de mi familia --tPuedo vencer el miedo --t¡A jugar se ha dicho! --tTe cuento un cuento --tMe comunico con el mundo --t¡No te rindas! --tUna lección para aprender. 4aESPAÑOLxENSEÑANZA BÁSICA 4aESPAÑOLxEDUCACIÓN PRIMARIA 4aEDUCACIÓN PRIMARIA zREPÚBLICA DOMINICANA 4aESPAÑOLxESTUDIOS Y EJERCIOS 4aESPAÑOLxLIBROS DE TEXTOS1 aAlfaro, Áxel1 aOlivero Huffman, Natalia1 aOlivero Huffman, Natalia1 aRogero Soler, Annaecoord.1 aRogero Soler, Anna,eed.1 aRepública Dominicana.bMinisterio de Educación 0aProyecto Sé aValidado. Control de calidad MFF 2ddccBK aRemanejado para la BNPHU / 2018 VM 00102ddc40708CEaBPMETbBPMETd2015-08-05l0o372.6561 A385L 2do. 2012pBPMSU15080033r2015-08-05w2015-08-05yBK 00102ddc40708CEaBPMETbBPMETd2018-03-13l0o372.6561 L566e 2do. 2012pBPMSU18030054r2018-03-13w2018-03-13yBK aVMATEOb10c20150805lBPMSUh00151 aLOPEREZb10c20161105lBPMSUh00041 c8061d8061